The financing of Indian education. (Record no. 76675)

MARC details
000 -LEADER
fixed length control field 00647cam a22002291 4500
001 - CONTROL NUMBER
control field sa 67007590
003 - CONTROL NUMBER IDENTIFIER
control field DLC
005 - DATE AND TIME OF LATEST TRANSACTION
control field 20260227112417.0
008 - FIXED-LENGTH DATA ELEMENTS--GENERAL INFORMATION
fixed length control field 711119s1967 ii b 000 0 eng
010 ## - LIBRARY OF CONGRESS CONTROL NUMBER
LC control number sa 67007590
015 ## - NATIONAL BIBLIOGRAPHY NUMBER
National bibliography number GB68-985
035 ## - SYSTEM CONTROL NUMBER
System control number (OCoLC)173226
040 ## - CATALOGING SOURCE
Original cataloging agency DLC
Transcribing agency OKentU
Modifying agency Uk
-- NSyU
-- OCoLC
-- DLC
042 ## - AUTHENTICATION CODE
Authentication code premarc
050 00 - LIBRARY OF CONGRESS CALL NUMBER
Classification number LB2947
Item number .M55 1967
100 1# - MAIN ENTRY--PERSONAL NAME
Personal name Misra, Atmanand,
Dates associated with a name 1913-
245 14 - TITLE STATEMENT
Title The financing of Indian education.
260 ## - PUBLICATION, DISTRIBUTION, ETC.
Place of publication, distribution, etc. Bombay ;
-- New York :
Name of publisher, distributor, etc. Asia Pub. House,
Date of publication, distribution, etc. [1967]
300 ## - PHYSICAL DESCRIPTION
Extent viii, 312 p. ;
Dimensions 22 cm.
504 ## - BIBLIOGRAPHY, ETC. NOTE
Bibliography, etc. note Bibliography: p. 294-304
650 #0 - SUBJECT ADDED ENTRY--TOPICAL TERM
Topical term or geographic name entry element Education
Geographic subdivision India
General subdivision Finance.

No items available.

Powered by Koha